000
00259nam a2200097Ia 4500
008
220204s9999 xx 000 0 und d
082
_a
5(031)
_b
MIN
245
0
_a
Mind alive encyclopedia: Basic science
260
_a
London
_b
Marshall Cavendish
_c
1977
942
_c
BK
999
_c
27423
_d
27423